Tentang gerakan pembebasan nasional (Record no. 60612)

MARC details
000 -LEADER
fixed length control field 00535cam a22001931 4500
001 - CONTROL NUMBER
control field sa 64007969
003 - CONTROL NUMBER IDENTIFIER
control field DLC
005 - DATE AND TIME OF LATEST TRANSACTION
control field 20260227112051.0
008 - FIXED-LENGTH DATA ELEMENTS--GENERAL INFORMATION
fixed length control field 890331q io c 000 0 ind
010 ## - LIBRARY OF CONGRESS CONTROL NUMBER
LC control number sa 64007969
035 ## - SYSTEM CONTROL NUMBER
System control number (OCoLC)23544084
040 ## - CATALOGING SOURCE
Original cataloging agency DLC
Transcribing agency MiU
Modifying agency OCoLC
-- DLC
042 ## - AUTHENTICATION CODE
Authentication code premarc
050 00 - LIBRARY OF CONGRESS CALL NUMBER
Classification number DK275.K5
Item number A347
100 1# - MAIN ENTRY--PERSONAL NAME
Personal name Khrushchev, Nikita Sergeevich,
Dates associated with a name 1894-1971.
245 10 - TITLE STATEMENT
Title Tentang gerakan pembebasan nasional
260 ## - PUBLICATION, DISTRIBUTION, ETC.
Place of publication, distribution, etc. Djakarta,
Name of publisher, distributor, etc. Sumber Tjahaja
Date of publication, distribution, etc. [cover 1964]
300 ## - PHYSICAL DESCRIPTION
Extent 94 p.
Other physical details port.
Dimensions 21 cm.

No items available.

Powered by Koha